000 00479ntaaa2200181 4500
003 01
005 20251027202819.0
008 0714s1973 ag 01
040 _aAR-BaBN
_bspa
_cAR-BaBN
_eaacr
_dRIC
082 _a918.8200 Au8
100 _aAutomóvil Club Argentina
_928542
245 _aCuía de viaje de la Argentina
250 _a1 ed.
260 _aBuenos Aires :
_bAutomóvil Club Argentino,
_cc1956
300 _a631 p
650 _aArgentina-guía de viaje
942 _cBK
999 _c23496
_d23496